| 000 | 00749nam a2200277 i 4500 | ||
|---|---|---|---|
| 001 | C2-0259843 | ||
| 003 | PPAK | ||
| 005 | 20180727230022.0 | ||
| 008 | 041007s2002 xxka|||| ||||| | eng d | ||
| 020 | _a1852238992 | ||
| 040 |
_aPPAK _beng _cPPAK _erda |
||
| 082 | 0 | 4 |
_a796.342 _223 |
| 090 | 0 | 0 |
_a796.342 _bAPP _dG |
| 100 | 1 |
_aApplewhaite, Charles, _eauthor |
|
| 245 | 1 | 0 | _aTennis |
| 264 | 1 |
_aWiltshire, United Kingdom : _bThe Crowood Press , _c2002 |
|
| 300 |
_a127 pages : _billustrations ; _c24 cm |
||
| 336 |
_2rdacontent _atext |
||
| 337 |
_2rdamedia _aunmediated |
||
| 338 |
_2rdacarrier _avolume |
||
| 490 | 1 | _aThe skills of the game | |
| 650 | 1 | 0 | _aTennis |
| 700 | _eauthor | ||
| 830 | 0 | _aThe skills of the game | |
| 942 |
_ddc _cB |
||
| 999 |
_c71096 _d71096 |
||